Faculty of Law Library — Cairo University

Official Online Catalog

The Ecology And Utilization Of African Inland Waters / (Record no. 72531)

MARC details
000 -LEADER
fixed length control field 01161nam a2200337 i 4500
003 - CONTROL NUMBER IDENTIFIER
control field EG-GICUC
005 - DATE AND TIME OF LATEST TRANSACTION
control field 20260421111731.0
008 - FIXED-LENGTH DATA ELEMENTS--GENERAL INFORMATION
fixed length control field 260421s1981 ke ||||fr|||| 00| 0 eng d
020 ## - INTERNATIONAL STANDARD BOOK NUMBER
International Standard Book Number 9280710280
040 ## - CATALOGING SOURCE
Original cataloging agency EG-GiCUC
Language of cataloging eng
Transcribing agency EG-GiCUC
Modifying agency EG-GiCUC
Description conventions Rda
082 04 - DEWEY DECIMAL CLASSIFICATION NUMBER
Edition number 21
Classification number 341.762
Item number UN . E
092 04 - LOCALLY ASSIGNED DEWEY CALL NUMBER (OCLC)
Edition number 21
099 ## - LOCAL FREE-TEXT CALL NUMBER (OCLC)
Classification number Law1 11 341.762 UN . E 1981
110 ## - MAIN ENTRY--CORPORATE NAME
Corporate name or jurisdiction name as entry element United Nations Environment Programme
Relator term Author.
245 ## - TITLE STATEMENT
Title The Ecology And Utilization Of African Inland Waters /
Statement of responsibility, etc. United Nations Environment Programme.
250 ## - EDITION STATEMENT
Edition statement First Edition
264 #1 - PRODUCTION, PUBLICATION, DISTRIBUTION, MANUFACTURE, AND COPYRIGHT NOTICE
Place of production, publication, distribution, manufacture Nairobi :
Name of producer, publisher, distributor, manufacturer United Nations Environment Programme,
Date of production, publication, distribution, manufacture, or copyright notice 1981 .
300 ## - PHYSICAL DESCRIPTION
Extent 191 Pages ;
Dimensions 24 cm.
336 ## - CONTENT TYPE
Source rda contenu
Content type term texte
337 ## - MEDIA TYPE
Source rda medias
Media type term Ordinateur
338 ## - CARRIER TYPE
Source transporteur rda
Carrier type term Ressource en ligne
546 ## - LANGUAGE NOTE
Language note Text in English
650 ## - SUBJECT ADDED ENTRY--TOPICAL TERM
Topical term or geographic name entry element Public International Law
650 ## - SUBJECT ADDED ENTRY--TOPICAL TERM
Topical term or geographic name entry element Natural Rresources -- Protection -- International Law
700 1# - ADDED ENTRY--PERSONAL NAME
Personal name Symoens,J.J.
Relator term editor.
700 1# - ADDED ENTRY--PERSONAL NAME
Personal name Burgis,Mary
Relator term editor.
700 1# - ADDED ENTRY--PERSONAL NAME
Personal name Gaudet,John J.
Relator term editor.
856 40 - ELECTRONIC LOCATION AND ACCESS
Uniform Resource Identifier <a href="https://fll.law.cu.edu.eg/fulltext/bks/B11-09665.pdf">https://fll.law.cu.edu.eg/fulltext/bks/B11-09665.pdf</a>
905 ## - Cataloger and Reviser Names
Cataloger Name: Logain Ashraf
942 ## - ADDED ENTRY ELEMENTS (KOHA)
Source of classification or shelving scheme Dewey Decimal Classification
Suppress in OPAC No
Koha item type Books
Edition 21
Holdings
Withdrawn status Lost status Source of classification or shelving scheme Damaged status Not for loan Collection Home library Current library Date acquired Source of acquisition Total checkouts Full call number Barcode Date last seen Copy number Price effective from Koha item type
    Dewey Decimal Classification   Not for loan القانون الدولي العام جــــامعة القــاهرة مكتبة كلية الحقوق - المبنى الرئيسي 21.04.2026 إهداء مكتبة الأستاذ الدكتور صلاح عامر   Law1 11 341.762 UN . E 1981 1109665 C1 B11-09665 21.04.2026 1 21.04.2026 Books

© All rights reserved — Faculty of Law, Cairo University